Vista normal
Vista MARC
- Meléndez, Raúl
Entrada Autor personal
Número de registros utilizados en: 1
001 - NUMERO DE CONTROL
- Campo de control: 1214
003 - IDENTIFICADOR DE NUMERO DE CONTROL
- Campo de control: CO-MdFUSB
005 - HORA Y FECHA DE LA ULTIMA TRANSACCIÓN
- Campo de control: 20180418121622.0
008 - CAMPO DE LONGITUD FIJA
- Campo fijo de descripción fija: 180418|| aca||aabn | a|a d
040 ## - AGENCIA DE CATALOGACIÓN ORIGINAL
- Lenguaje de catalogación: spa
- Agencia que hace la transcripción: CO-MdFUSB
100 ## - AUTOR PERSONAL
- Autor personal: Meléndez, Raúl
370 ## - LUGARES ASOCIADOS
- País asociado: Colombia
372 ## - FIELD OF ACTIVITY
- Campo de actividad: Doctor y Magister en filosofía
372 ## - FIELD OF ACTIVITY
- Campo de actividad: Matemático
373 ## - GRUPO ASOCIADO
- Grupo asociado: Universidad Nacional de Colombia
373 ## - GRUPO ASOCIADO
- Grupo asociado: Universidad de los Andes
374 ## - OCUPACIÓN
- Ocupación: Profesor
375 ## - GENERO
- Género: Masculino
377 ## - IDIOMA ASOCIADO
- Código del idioma: Español
670 ## - FUENTE EN LA QUE SE LOCALIZARON DATOS
- Fuente: ¿Ciencia o religión?:exploraciones sobre las relaciones entre fe y racionalidad en el mundo contemporáneo, 2017
- Fuente de información: (Raúl Meléndez)
